000 00553nam a2200205Ia 4500
003 GCL
008 140319s9999 xx 000 0 eng d
040 _aGCL /
_cGCL
082 0 4 _a005.3
_bP P
100 1 _aPLISSON, JEAN-MICHEL
245 1 0 _aPROGRAMMER WINDOWS 3.1 EN C /
_cPLISSON, JEAN-MICHEL
260 _a[S.N] :
_bNO ،
_c1993
300 _a425 P
490 _aMARABOUT
_v0
650 0 4 _aCOMPUTER SOFTWARE
650 0 4 _aCOMPUTER PROGRM
650 0 4 _aCOMPUTER PROGRAM LANGUAGE
650 0 4 _aC++(COMPUTER PROGRAM LANGUAGE)
942 _2ddc
_cBK
999 _c22722
_d22722